Kronika 20. storočia 10 1990-1995
| Other Authors: | , |
|---|---|
| Format: | Book |
| Language: | Slovak German |
| PhysicalDescription: | S. 1328-1458 fotogr. (prevažne fareb.), ilustr., mp. 30 cm |
| Published: |
[Bratislava]
Fortuna Libri [Petit Press]
c2007
|
| ISBN: | 9788089144808 (súbor) 9788089144907 (viaz. : 10. zv.) |
| Edition: | [2. slov. vyd.] |
| Series: | Edícia denníka SME
|
| Subjects: |
MARC
| LEADER | 00000nam a2200000 a 4500 | ||
|---|---|---|---|
| 001 | vtls009184379 | ||
| 003 | SK-MaSNL | ||
| 005 | 20260301183027.0 | ||
| 008 | 151112s2007 xo oab g e 000 0 slo | ||
| 015 | |a SNBA2008/11-05201 | ||
| 020 | |a 9788089144808 (súbor) | ||
| 020 | |a 9788089144907 (viaz. : 10. zv.) | ||
| 035 | |a BB456716-A95A-47AB-BF00-2E9167674F90 | ||
| 035 | |a urn:nbn:sk:snk-amjvgg | ||
| 035 | |a urn:nbn:sk:snk-am0081iw | ||
| 040 | |a SNK |b slo |c SNK |e AACR2 | ||
| 041 | 1 | |a slo |h ger | |
| 044 | |a xo |c SK | ||
| 072 | 7 | |a 94(100) |x Svetové dejiny |2 konspekt | |
| 080 | |a 94(100) |2 2011 | ||
| 080 | |a (048.8) |2 2011 | ||
| 080 | |a (031) |2 2011 | ||
| 130 | 0 | |a Chronik des 20. Jahrhunderts |l Slovensky |9 404811 | |
| 245 | 1 | 0 | |a Kronika 20. storočia |n 10 |p 1990-1995 |c [z nemeckého originálu ... preložili, doplnili a upravili: Ladislav Deák ... [et al.] ; slovenské vydanie zostavila: Edita Ivaničková ] |
| 246 | 3 | 0 | |a 1990-1995 |
| 250 | |a [2. slov. vyd.] | ||
| 260 | |a [Bratislava] |b Fortuna Libri |b [Petit Press] |c c2007 | ||
| 300 | |a S. 1328-1458 |b fotogr. (prevažne fareb.), ilustr., mp. |c 30 cm | ||
| 490 | 1 | |a Edícia denníka SME | |
| 500 | |a Miesto vyd. podľa ISBN | ||
| 650 | 0 | 7 | |a svetové dejiny |2 SNKPH |9 4037 |
| 650 | 0 | 7 | |a World history |2 SNKPHeng |9 275271 |
| 655 | 7 | |a chronologické prehľady |2 SNKPH |9 278802 | |
| 655 | 7 | |a encyklopédie |2 SNKPH |9 28776 | |
| 655 | 7 | |a Encyclopedias |2 SNKPHeng |9 90422 | |
| 700 | 1 | |a Deák, Ladislav, |d 1931-2011 |4 trl |9 151090 | |
| 700 | 1 | |a Ivaničková, Edita, |d 1948- |4 com |9 213689 | |
| 830 | 0 | |a Edícia denníka SME |9 322159 | |
| 852 | |a Štátna vedecká knižnica v Banskej Bystrici | ||
| 919 | |a 978-80-89144-80-8 | ||
| 919 | |a 978-80-89144-90-7 | ||
| 958 | |a OP | ||
| 968 | |b DT |d 93/94 | ||
| 999 | |c 855621 |d 857551 | ||
| 952 | |a SNK |b SNK |y PREZ |7 0 |p 17A0601786 |o snkSB 75729/10 |i snk2008/19268 |8 0 |0 0 |1 0 |4 0 |d 2008-10-10 |f 1 |l 0 |r 2025-04-28 00:00:00 |w 2026-02-24 | ||
| 952 | |t snkKRO/10 94""19"" |a SNKUST |b SNKUST |y PREZ |7 0 |p 17A0570220 |o snkSB 75729/10 D2 |i snk2008/3814 |8 3 |g 6.61 |0 0 |1 0 |4 0 |d 2008-02-14 |l 0 |r 2025-04-28 00:00:00 |w 2026-02-24 | ||


